[Event "Budapest FS10 IM"]
[Site "Budapest"]
[Date "2016.10.02"]
[Round "2"]
[White "Erdos, Boglarka"]
[Black "Prorok, Marton"]
[Result "1/2-1/2"]
[WhiteElo "2203"]
[BlackElo "2334"]
[PlyCount "72"]
[EventDate "2016.10.01"]
[EventType "tourn"]
[EventRounds "9"]
[EventCountry "HUN"]
[EventCategory "1"]
[SourceTitle "EXT 2017"]
[Source "ChessBase"]
[SourceDate "2016.10.25"]
[SourceVersion "1"]
[SourceVersionDate "2016.10.25"]
[SourceQuality "1"]

1. d4 Nf6 2. Nf3 d5 3. g3 c5 4. Bg2 cxd4 5. Nxd4 e5 6. Nb3 Nc6 7. 0-0 Be7 8. Bg5 Be6 9. Nc3 d4 10. Bxf6 gxf6 11. Ne4 h5 12. c3 Qb6 13. cxd4 0-0-0 14. e3 Kb8 15. Nec5 h4 16. Nxe6 fxe6 17. Qg4 hxg3 18. hxg3 exd4 19. exd4 Nxd4 20. Nxd4 Rxd4 21. Qg7 Qd8 22. Rae1 e5 23. Re3 Rd7 24. Rb3 Bb4 25. Qg4 Bc5 26. Qf3 Bb6 27. a4 a5 28. Rc1 Rhh7 29. Rbc3 Ka7 30. Rc8 Qe7 31. Qb3 Qd6 32. Qg8 Bxf2+ 33. Kxf2 Qd2+ 34. Kf1 Qd3+ 35. Kf2 Qd4+ 36. Kf1 Qd3+ 1/2-1/2

[Event "Budapest FS10 IM"]
[Site "Budapest"]
[Date "2016.10.01"]
[Round "1"]
[White "Lundin, Jan"]
[Black "Erdos, Boglarka"]
[Result "1-0"]
[WhiteElo "2264"]
[BlackElo "2203"]
[PlyCount "65"]
[EventDate "2016.10.01"]
[EventType "tourn"]
[EventRounds "9"]
[EventCountry "HUN"]
[EventCategory "1"]
[SourceTitle "EXT 2017"]
[Source "ChessBase"]
[SourceDate "2016.10.25"]
[SourceVersion "1"]
[SourceVersionDate "2016.10.25"]
[SourceQuality "1"]

1. e4 c5 2. Nf3 a6 3. g3 b5 4. Bg2 Bb7 5. d3 d6 6. 0-0 Nf6 7. Re1 Nbd7 8. Nbd2 g6 9. c3 Bg7 10. a4 0-0 11. d4 e5 12. dxe5 dxe5 13. b3 Qc7 14. Bf1 Bc6 15. Ba3 Rfd8 16. axb5 axb5 17. Bd3 Bf8 18. c4 b4 19. Bb2 Bh6 20. Nf1 Nh5 21. Ne3 f6 22. Nd5 Qd6 23. Nh4 Ng7 24. Qg4 Kf7 25. Qh3 Qf8 26. Ng2 Ne6 27. f4 exf4 28. gxf4 Bxd5 29. exd5 Nxf4 30. Nxf4 Rxa1 31. Bxa1 Bxf4 32. Qxh7+ Qg7 33. Re7+ 1-0

[Event "HUN-chT 1516"]
[Site "Hungary"]
[Date "2015.11.07"]
[Round "1"]
[White "Gara, Ticia"]
[Black "Erdos, Boglarka"]
[Result "1/2-1/2"]
[WhiteElo "2353"]
[BlackElo "2190"]
[PlyCount "110"]
[EventDate "2015.11.07"]
[EventType "team-tourn"]
[EventRounds "11"]
[EventCountry "HUN"]
[SourceTitle "CBM 169 Extra"]
[Source "ChessBase"]
[SourceDate "2015.12.18"]
[SourceVersion "1"]
[SourceVersionDate "2015.12.18"]
[SourceQuality "1"]
[WhiteTeam "Aquaprofit"]
[BlackTeam "Dunaharaszti"]
[WhiteTeamCountry "HUN"]
[BlackTeamCountry "HUN"]

1. e4 c5 2. Nf3 a6 3. c3 e6 4. d4 d5 5. exd5 exd5 6. Nbd2 cxd4 7. Nxd4 Nf6 8. N2f3 Bd6 9. Bd3 0-0 10. 0-0 h6 11. h3 Re8 12. Nf5 Bxf5 13. Bxf5 Ne4 14. Be3 Nc6 15. Re1 Bc7 16. h4 Qf6 17. Bd7 Re7 18. Bxc6 bxc6 19. Qd4 Qg6 20. c4 c5 21. Qd3 d4 22. Bd2 a5 23. Rad1 Rae8 24. a3 a4 25. Qc2 Qc6 26. Bc1 Ba5 27. Re2 Ng5 28. Nxg5 Rxe2 29. Qh7+ Kf8 30. Qh8+ Ke7 31. Qxg7 hxg5 32. Bxg5+ Kd7 33. Qxf7+ Kc8 34. Qf5+ Kb7 35. Qf7+ Ka8 36. Bf4 Be1 37. Bg3 Bd2 38. h5 d3 39. Kh2 Rd8 40. Qf5 Ka7 41. Rxd2 Rxd2 42. Qg5 Rd7 43. Qxd2 Ka6 44. Bf4 Qe4 45. h6 Qxc4 46. g3 Qe4 47. Qc3 Rd5 48. Qf6+ Kb5 49. Qf7 Qf3 50. Qe8+ Kb6 51. Qb8+ Kc6 52. Qe8+ Kb6 53. Qb8+ Ka6 54. Qa8+ Kb5 55. Qe8+ Kb6 1/2-1/2

[Event "Budapest Duna op"]
[Site "Budapest"]
[Date "2015.09.26"]
[Round "4"]
[White "Nemeth, Zoltan"]
[Black "Erdos, Boglarka"]
[Result "1-0"]
[WhiteElo "2296"]
[BlackElo "2186"]
[PlyCount "83"]
[EventDate "2015.09.23"]
[EventType "swiss"]
[EventRounds "9"]
[EventCountry "HUN"]
[SourceTitle "CBM 168 Extra"]
[Source "ChessBase"]
[SourceDate "2015.10.29"]
[SourceVersion "1"]
[SourceVersionDate "2015.10.29"]
[SourceQuality "1"]

1. e4 c5 2. c4 Nc6 3. Nc3 g6 4. g3 Bg7 5. Bg2 e5 6. Rb1 Nge7 7. a3 0-0 8. d3 d6 9. Nge2 Be6 10. 0-0 Qd7 11. b4 Bh3 12. Bxh3 Qxh3 13. bxc5 dxc5 14. Rxb7 f5 15. f3 f4 16. Qe1 g5 17. Nd5 Ng6 18. Qf2 Rac8 19. Qg2 Qe6 20. Bd2 Rb8 21. Rfb1 Rxb7 22. Rxb7 Rb8 23. Rxb8+ Nxb8 24. Qf1 Nc6 25. g4 Qc8 26. Qb1 h5 27. h3 hxg4 28. hxg4 Kf7 29. Be1 Bf8 30. Qb5 Bd6 31. Bf2 Nd4 32. Nxd4 exd4 33. Kf1 Ne5 34. Ke2 Ke6 35. a4 Qb8 36. Be1 Qh8 37. Qb7 Qb8 38. Qh7 Qf8 39. Ba5 a6 40. Bd8 Qf7 41. Qf5+ Qxf5 42. exf5+ 1-0